[Event "Olympiad-34"]
[Site "Istanbul"]
[Date "2000.11.10"]
[Round "13.2"]
[White "Degraeve, Jean Marc"]
[Black "Vallejo Pons, Francisco"]
[Result "1-0"]
[WhiteElo "2540"]
[BlackElo "2554"]
[Annotator "Finkel,A"]
[PlyCount "87"]
[EventDate "2000.10.28"]
[EventType "team-swiss"]
[EventRounds "14"]
[EventCountry "TUR"]
[SourceTitle "EXT 2001"]
[Source "ChessBase"]
[SourceDate "2000.11.22"]
[SourceVersion "1"]
[SourceVersionDate "2000.11.22"]
[SourceQuality "1"]
[WhiteTeam "France"]
[BlackTeam "Spain"]
[WhiteTeamCountry "FRA"]
[BlackTeamCountry "ESP"]

1. e4 e6 2. d4 d5 3. Nc3 Nf6 4. Bg5 Bb4 5. e5 h6 6. Be3 {Very sharp
continuation leading to extremly complicated positions.} Ne4 7. Qg4 Kf8 (7...
g6 $5 8. a3 Bxc3+ 9. bxc3 c5 (9... Nxc3 $5 10. Bd3 Nc6 11. h4 Ne7 12. f3 c5 13.
dxc5 Nc6 14. Bd2 d4 $15 {Hernandez,G-Glek,I/Linares op 1996 (50)}) 10. Bd3 cxd4
$6 (10... Nxc3 11. dxc5 Nc6 12. Nf3 Qa5 13. O-O Qa4 14. Qxa4 (14. Qh3 $5 $36)
14... Nxa4 15. Bb5 Nc3 16. a4 Bd7 $11 {Hracek,Z-Vaisser,A/EuT-ch, Pula CRO
1997 (41)}) 11. cxd4 Qa5+ 12. Ke2 Bd7 13. f3 Nc3+ 14. Kf2 Nc6 15. Qf4 $14 {
Coleman,D-Lautier,J/London Lloyds 1988 (35)}) 8. a3 Bxc3+ 9. bxc3 c5 10. Bd3
Nxc3 (10... Qa5 $5 11. Ne2 Nc6 (11... Nxc3 $6 12. Bd2 cxd4 13. Nxd4 Qc7 14. O-O
Bd7 15. Rae1 Na6 16. Re3 Na4 17. Rg3 $16 {Klovans,J-Pronold,H/Werfen op 1991 
(36)}) 12. Bxe4 cxd4 13. Bd2 dxe4 14. cxd4 Qd5 15. O-O b6 $5 (15... Nxd4 $6 16.
Nxd4 Qxd4 17. Rad1 Qxe5 18. Bc3 Qxc3 19. Rd8+ Ke7 20. Rxh8 Qe5 21. Qh4+ f6 22.
Rd1 $16 {Kurajica,B-Bednarski,J/Wijk aan Zee II 1973 (29)}) 16. Rfd1 Kg8 17. c4
Qxc4 18. Rac1 Qb3 19. Ng3 Ne7 20. Nxe4 $36 {Hernandez,G-Hergott,D/Linares NL
1992 (47)}) (10... h5 $5 11. Qf3 $6 (11. Qf4) 11... Nxc3 12. Nh3 Nc6 13. Nf4
Kg8 $15 {Van Mil,J-Murey,Y/Arnhem/Amsterdam 1983 (16)}) 11. dxc5 Nc6 (11... Qa5
$5 12. Bd2 (12. Qb4 Qxb4 13. axb4 Nc6 14. Bd2 Ne4 15. Bxe4 dxe4 16. Bc3 Ne7 17.
Rd1 Nd5 $132 {Berset,P-Moor,O/Zuerich op 1993}) 12... Nc6 13. Ne2 Qa4 14. Qh5
Nxe2 15. Qxe2 Qd4 $1 16. O-O Qxe5 17. Qf3 $44 {Maxion,D-Busse,K/Dortmund op
1990 (36)}) 12. Nf3 f6 (12... Qa5 $6 13. O-O Na4 $6 14. Bd2 $16 {Mokry,
K-Chinchilla,E/Dubai olm 1986 (18)}) 13. exf6 Qxf6 14. Qh5 (14. O-O $6 e5 15.
Qg6 Qxg6 $5 16. Bxg6 Ke7 17. Rfe1 Kf6 18. Bd3 Bf5 19. Bxf5 Kxf5 $15) 14... e5
15. Bg6 Be6 {Transfering the bishop to f7,where it takes active part in
defense.} (15... Bd7 $6 16. O-O Kg8 17. Rfe1 Rf8 18. Bd2 Ne4 19. Rad1 $36 {
Klovan,Y-Sherieshevsky,M/USSR 1977 (41)}) (15... Kg8 16. O-O Ne2+ $6 (16... Be6
$5 17. Bd2 (17. Rae1 Rd8 18. Bd2 Ne4 19. c4 Nxd2 20. Nxd2 Qg5 {1/2-1/2
Fressinet,L-Vallejo Pons,F/zt 1.1 2000}) 17... Ne2+ $6 18. Kh1 Nf4 19. Bxf4
Qxf4 20. Rab1 Bg4 21. Qh4 Bxf3 22. Qxf4 exf4 23. gxf3 $14) 17. Kh1 Nf4 18. Bxf4
Qxf4 19. h3 $36 (19. Rab1 $5) 19... Be6 20. c3 $5 Bf7 (20... e4 21. Nd4 $14)
21. Rab1 Bxg6 $1 {Black is absolutely right not entering following variation:}
(21... Rb8 $6 22. Rfd1 e4 23. Nh4 Qxf2 24. Rf1 Bxg6 25. Nxg6 Qxc5 26. Qf5 $1
$16) 22. Qxg6 $14 {Filipenko,A-Volkov,S/RUS-Cup03 (Geller mem) 1999}) (15... e4
$6 16. Nh4 d4 17. Bd2 Ne5 18. h3 $16 {[%csl Re4]}) 16. O-O (16. Bg5 $5) 16...
Bf7 17. Nh4 Re8 (17... Kg8 18. f4 e4 19. f5 d4 20. Bf4 Bc4 21. Rfe1 e3 22. h3
$36 {Lanka,Z-Nepeina Leconte,M/ch-Paris 2000}) 18. f4 $146 {This move is the
novelty,however promising white nothing special.} (18. Rae1 Kg8 (18... Re6 $5)
19. f3 Re6 20. Bxf7+ Qxf7 21. Qg4 Rf6 $5 $15 {Lanka,Z-Morozevich,A/Chebanenco
mem 1st 1998}) 18... e4 19. f5 $5 d4 20. Bd2 Na4 (20... Nd5 21. Rab1 b6 22.
cxb6 axb6 (22... e3) 23. Bxf7 Qxf7 24. Ng6+ (24. Qg6 $1 Ne5 (24... Qc7 25. f6
Nxf6 26. Rxf6+ gxf6 27. Qxf6+ Kg8 28. Qg6+ Kf8 29. Rf1+ $18) 25. Qd6+ Kg8 26.
Rb5 $1 (26. Ng6 Nc4 27. Nxh8 Kxh8 $19 {[%cal Gc4d6,Gc4d2]}) 26... Nc4 27. Qxd5
Nxd2 28. Rd1 Qxd5 29. Rxd5 e3 30. Rxd4 $16) 24... Kg8 25. f6 Nxf6 26. Qf5 Rh7
27. Rxb6 Ne7 28. Nxe7+ Qxe7 29. Bb4 $14) 21. Bf4 $1 Kg8 (21... Nxc5 $2 22. Bxf7
Qxf7 23. Bd6+ Kg8 24. Qxf7+ Kxf7 25. Bxc5 $18) 22. Bd6 Nc3 23. Rfe1 $5 Ne5 24.
Bc7 $5 {[%cal Gc7a5]} Qg5 $2 {The ending turns out to be better for white so
deserved attention.} (24... Bxg6 25. Nxg6 Nxg6 26. fxg6 Re6 27. Ba5 Qxg6 28.
Qxg6 Rxg6 29. Bxc3 dxc3 30. Rxe4 Kh7 $11) 25. Bxf7+ Nxf7 26. Qxg5 hxg5 $5 (
26... Nxg5 27. Ng6 Rh7 28. Ba5 $1 Nd5 29. Rab1 Ne3 30. Rxe3 $1 dxe3 31. Rxb7
$16 {[%csl Rh7][%cal Gc5c7,Gg1f1,Gf1e2]}) 27. Ng6 Rh5 28. Ba5 $1 $14 g4 (28...
Na4 29. Rad1 g4 30. Rxd4 Nxc5 31. Rd5 b6 32. Bb4 $16) 29. Bxc3 dxc3 30. Rab1
Rxf5 $6 (30... Nd8 $1) 31. Rxb7 Rxc5 32. Ne7+ Kh7 (32... Kf8 33. Rxe4 {[%cal
Ge7g6]} Ra8 34. Ng6+ Kg8 35. Rxg4 $16) 33. Rxe4 Nh6 (33... Ra5 34. Rxg4 Re5 35.
Nc6 Re1+ 36. Kf2 R1e2+ 37. Kg3 R2e3+ 38. Kh4 Rh8 $1 39. Ne7 $1 g5+ 40. Rxg5 $1
$16) 34. Rxa7 Rb5 (34... Nf5 35. Nd5 $6 (35. a4 $1 Rd8 (35... Nxe7 36. Raxe7
Rxe7 37. Rxe7 Rd5 38. Kf2 $18) 36. Rxg4 Rd1+ 37. Kf2 Rd2+ 38. Kf3 Rxc2 39. Nxf5
Rxf5+ 40. Ke4 Rff2 41. Raxg7+ Kh8 42. R7g5 $18) 35... Rxe4 36. Nf6+ Kg6 37.
Nxe4 Rc6 $11 {[%csl Rc2][%cal Gf5d4,Gf5e3]}) 35. Rc7 Rb1+ 36. Kf2 Rf8+ 37. Kg3
$18 Rf7 38. Rf4 Rxf4 39. Kxf4 Re1 40. Nd5 Rf1+ 41. Kg3 Nf5+ 42. Kxg4 Nd4 43.
Rxc3 Rf2 44. Ne3 1-0

[Event "Guillermo Garcia Memorial-A 06th"]
[Site "Santa Clara"]
[Date "1998.05.30"]
[Round "6"]
[White "Becerra Rivero, Julio"]
[Black "Nogueiras Santiago, Jesus"]
[Result "1/2-1/2"]
[WhiteElo "2465"]
[BlackElo "2520"]
[Annotator "Finkel,A"]
[PlyCount "63"]
[EventDate "1998.05.24"]
[EventType "tourn"]
[EventRounds "13"]
[EventCountry "CUB"]
[EventCategory "9"]
[SourceTitle "CBM 066"]
[Source "ChessBase"]
[SourceDate "1998.09.30"]
[SourceVersion "1"]
[SourceVersionDate "1998.09.30"]
[SourceQuality "1"]

1. e4 e6 2. d4 d5 3. Nc3 Nf6 4. Bg5 Bb4 5. e5 h6 6. Bd2 Bxc3 7. bxc3 Ne4 8. Qg4
Kf8 9. Bd3 Nxd2 10. Kxd2 Qg5+ 11. Qxg5 hxg5 12. Nh3 {Not a very ambitious,but
quiet good continuation:white hopes to get small advantage without any danger
to lose the game.} (12. h4 $5 Nc6 $6 13. f4 gxf4 14. Rf1 Bd7 15. Rxf4 Ke7 16.
Rh3 $14 {Lutz,K-Meyer,S/Hofheim MVT 1995 (40)}) (12. Rf1 $5 Ke7 (12... f5 13.
h3 g4 $6 14. Ne2 gxh3 15. Nf4 Rh6 16. Nxh3 Nc6 17. Nf4 $14 {[%csl Rc8]
Gallagher,J-Sauvin,J/Geneve op 1994 (27)}) (12... c5 $5 13. f4 Nc6 $6 14. fxg5
cxd4 15. cxd4 Nxd4 16. g6 Nf5 17. Ne2 Rh4 18. h3 $16 {Westerinen,H-Valaker,O/
Peer Gynt 1991 (23)}) 13. f4 gxf4 14. Nh3 Bd7 15. Nxf4 c5 16. h4 Nc6 17. Ke3
$14 {Nezhmetdinov,R-Liebert,H/Rostov 1961 (37)}) (12. f3 $6 c5 13. Nh3 Nc6 14.
Ke3 Rh4 15. Nxg5 f6 16. exf6 gxf6 17. Nh3 c4 $1 $44 {Mrdja,M-Moracchini,F/It,
Clichy FRA 1998}) (12. c4 dxc4 13. Bxc4 b6 14. Ne2 Bb7 15. f3 Nc6 16. Ke3 Rd8
$13 {Barria,D-Singh,G/WchJT U26 1997 (44)}) 12... g4 (12... f6 $5 13. Rae1 Nc6
14. f4 g4 15. Nf2 f5 16. g3 Bd7 17. h3 gxh3 18. Nxh3 $14 {Gross,S-Baumegger,S/
Honved 1997 (41)}) 13. Nf4 {I don't think that after this move white can get
something from the opening.More dangerous for black is} (13. Ng1 $5 c5 14. Ke3
Nc6 15. Bb5 Ne7 16. dxc5 Rh5 17. f4 b6 18. cxb6 axb6 19. Ne2 $14 {as was
played in Skrobek,R-Luczak,A/Makarczyk mem 1978 (38)}) 13... g5 14. Ne2 c5 15.
Ng3 {Nothing promises} (15. c4 $5 dxc4 16. Bxc4 cxd4 17. Nxd4 Nd7 18. Rae1 b6
19. Bb5 Nc5 $13 {with balanced position.}) 15... Nc6 16. Ke3 Bd7 17. Rab1 b6
18. Be2 Rh4 19. Bb5 {Showing clear intentions to make a draw,while white still
could try to fight for the advantage by} (19. Rhd1 $1 {[%csl Rg4][%cal Gg3f1,
Gg2g3]} Rxh2 20. Bxg4 $1 (20. Rh1 $6 Rh4 (20... Rxh1 21. Rxh1 Ke7 22. Bxg4 (22.
Rh7 cxd4+ 23. cxd4 Nb4) 22... cxd4+ $1 23. cxd4 Nb4 24. c3 Nxa2 25. Kd2 Rc8 26.
Ne2 Bb5 27. Ra1 Bxe2 (27... Bc4 $2 28. Nc1 Nxc1 29. Rxa7+ Kf8 30. Kxc1 $14 {
[%csl Rf7]}) 28. Bxe2 Nxc3 29. Rxa7+ Kf8 30. Bh5 Ne4+ 31. Kd1 Nxf2+ 32. Ke2 Ne4
$15) 21. Nh5 Ne7) 20... Rh4 $5 (20... Ke7 21. Bh3 Rh8 22. Rg1 $1 {[%csl Rh2]} (
22. Nf1 Rh1) 22... Rh4 23. Nf1 R2xh3+ 24. gxh3 Rxh3+ 25. Rg3 $14) 21. f3 Ke7
22. Nh1 $5 {[%cal Gh1f2,Gf2h3]} f5 23. exf6+ Kxf6 24. Nf2 $14 {and white 's
chanses are slightly preferable.}) 19... Ke7 20. Bxc6 Bxc6 21. Nf1 Rc8 (21...
Rah8 $5 22. g3 Rh3 23. Kd2 Kd7 24. Ne3 Rxh2 25. Rxh2 Rxh2 26. Nxg4 Rh8 27. a3
$11) 22. g3 Rh6 23. Ke2 {[%cal Gf1e3,Ge3g4]} Rch8 24. Ne3 Rxh2 25. Rxh2 Rxh2
26. Nxg4 Rh8 27. Nf6 c4 $5 {After this move neither side can't make a progress
and draw becomes inevitable.} 28. Kd2 Kf8 29. Ke3 Ba4 30. Rc1 Kg7 31. Ke2 Kg6
32. Ke3 1/2-1/2

[Event "RUS-Cup03 Geller Memorial"]
[Site "Moscow"]
[Date "1999.02.07"]
[Round "6"]
[White "Igriashvili, Zurab"]
[Black "Kostenko, Petr"]
[Result "1-0"]
[WhiteElo "2327"]
[BlackElo "2468"]
[Annotator "Finkel,A"]
[PlyCount "77"]
[EventDate "1999.02.10"]
[EventType "swiss"]
[EventRounds "9"]
[EventCountry "RUS"]
[SourceTitle "CBM 070"]
[Source "ChessBase"]
[SourceDate "1999.06.08"]
[SourceVersion "1"]
[SourceVersionDate "1999.06.08"]
[SourceQuality "1"]

1. e4 e6 2. d4 d5 3. Nc3 Nf6 4. Bg5 Bb4 5. e5 h6 6. Bd2 Bxc3 7. bxc3 Ne4 8. Qg4
Kf8 9. h4 f5 (9... h5 10. Qf4 c5 11. Bd3 Nxd2 12. Kxd2 c4 $6 13. Bg6 Qe7 14.
Qf3 $1 {[%csl Rh5]} Kg8 15. Bxh5 $16 {Frolov,D-Janturin,A/Moscow-ch 1996 (24)})
(9... Nxd2 10. Kxd2 c5 11. Rh3 Nc6 12. Rg3 Rg8 13. Bd3 Ne7 14. dxc5 Nf5 15.
Bxf5 exf5 16. Qd4 $16 {Spal,M-Janka,H/Klatovy op 1996}) (9... b6 $5 10. Bd3
Nxd2 11. Kxd2 Ba6 12. Rh3 Bxd3 13. Rxd3 Nc6 14. Rf3 Qd7 $132 {Sariego,W-Borges
Mateos,J/Capablanca mem 1989 (37)}) 10. exf6 Qxf6 11. Nf3 (11. Be3 Nc6 12. Bd3
$6 e5 13. Qh5 $5 exd4 14. cxd4 Nxd4 15. Bxe4 Ne6 $1 16. Qxd5 Qxa1+ 17. Ke2 Qf6
18. Rh3 $44 {Sondermann,J-Bischof,D/Dortmund op 1987}) 11... Nc6 12. Qf4 (12.
h5 e5 13. Qh4 Kf7 14. Bb5 exd4 15. cxd4 Re8 $13 {Lilienthal,A-Sliwa,B/
Balatonfured 1960}) 12... Nxd2 13. Qxd2 e5 14. O-O-O $5 (14. Bb5 $5 Bg4 15.
Bxc6 Bxf3 16. Bxb7 Bxg2 17. Bxa8 Bxh1 18. O-O-O Bf3 19. dxe5 Qxe5 20. Re1 $36 {
Seidel,A-Meyer,S/Hofheim MVT 1995 (33)}) 14... exd4 {This move is definitly
better than} (14... Bg4 $2 15. Nxe5 Nxe5 16. dxe5 Qxe5 17. Qxd5 Qxd5 18. Rxd5
Be6 19. Re5 $16 {which braught to an ending with much better chanses for white.
Domarkaite,L-Dambravaite,A/LTU-chW 1994 (47)}) 15. cxd4 Qd6 16. Qc3 Bg4 $5 ({
Black doesn't manage to equalze after} 16... Bf5 17. a3 $5 (17. Re1 Nb4 18. Qb2
Bxc2 19. Ne5 Bh7 20. Rh3 $36) 17... Kg8 18. Bb5 Be4 19. Bxc6 Qxc6 20. Qxc6 bxc6
21. Ne1 $14 {and white keeps better chanses in the endgame.}) 17. Re1 Bxf3 (
17... Qf4+ $5 18. Qe3 Qxe3+ 19. fxe3 (19. Rxe3 Re8 20. Bb5 Rxe3 21. fxe3 $14)
19... Bf5 20. Kd2 Ke7 21. Bb5 $14) 18. Qxf3+ Kg8 19. c4 $5 (19. Qe3 Rf8 20. g3
$1 (20. c3 Qf6 21. f3 Kf7 22. Qd3 Re8 23. Rxe8 Rxe8 24. Qb5 Qf4+ 25. Kd1 Qd6
$13) 20... Qf6 21. Bg2 Nb4 22. f4 $1 $14) 19... Nxd4 20. Qxd5+ Qxd5 21. cxd5 g6
$6 ({Much stronger was} 21... Rf8 $1 22. f3 $5 $14 (22. Re7 Rxf2 $1 23. Rxc7
Rxa2 $2 (23... Ne2+ $1 24. Bxe2 (24. Kd1 Ng3 25. Rc8+ Rf8 26. Rxf8+ Kxf8 $15)
24... Rxe2 25. Rc8+ Kh7 26. Rxh8+ Kxh8 27. d6 Re8 $11) 24. d6 $1 b5 25. d7 Ne6
26. Rc8+ Kh7 27. Bd3+ g6 28. Re1 $18) (22. Re4 $5 c5 23. dxc6 Nxc6 24. Bc4+ Kh7
25. f4 Rc8 26. Be6 $14)) 22. h5 g5 23. Bd3 Kg7 $6 ({Still} 23... Rf8 $5 {
was called for.}) 24. Re7+ (24. Re4 c5 (24... Nf5 25. g4 Nd6 26. Re7+ Nf7 27.
Bg6 $16) 25. Re7+ Kf6 26. Rxb7 Rhd8 27. Bc4 $16) 24... Kf6 25. Rhe1 Rad8 (25...
Rac8 26. Bg6 Rhf8 27. Kb2 b6 28. Rh7 $16) 26. g4 {During last 4 moves black
has significiently worthened his position and now he simply gives up a game.}
b5 $6 (26... Rxd5 27. Bc4 $1 $18 {[%csl Rf6]}) 27. Bxb5 $1 $18 Rhf8 28. Bc4 Rf7
29. Rxf7+ Kxf7 30. Re4 Nf3 31. Re3 Nd4 32. Rd3 Ne2+ 33. Kd2 Nf4 34. d6+ Ke8 (
34... Kg7 35. dxc7 Rc8 36. Rd7+ Kf6 37. Ba6 $18) 35. Bb5+ Kf7 36. dxc7 Rc8 37.
Rd7+ Ke6 38. Bc6 a6 39. Ke3 1-0

[Event "RUS-Cup03 Geller Memorial"]
[Site "Moscow"]
[Date "1999.02.14"]
[Round "5"]
[White "Kholmov, Ratmir D"]
[Black "Nikolenko, Oleg"]
[Result "1/2-1/2"]
[WhiteElo "2458"]
[BlackElo "2510"]
[Annotator "Finkel,A"]
[PlyCount "116"]
[EventDate "1999.02.10"]
[EventType "swiss"]
[EventRounds "9"]
[EventCountry "RUS"]
[SourceTitle "CBM 070"]
[Source "ChessBase"]
[SourceDate "1999.06.08"]
[SourceVersion "1"]
[SourceVersionDate "1999.06.08"]
[SourceQuality "1"]

1. e4 e6 2. d4 d5 3. Nc3 Nf6 4. Bg5 Bb4 5. e5 h6 6. exf6 $6 {Giving up the
bishop white hardly can hope for any opening advantage.} hxg5 7. fxg7 Rg8 8.
Nf3 {Other continuations also don't cause black any problems:} (8. Qd3 Qf6 9.
Nf3 c5 10. Ne5 a6 11. O-O-O Nc6 12. Nxc6 bxc6 13. dxc5 Bxc5 $15 {Pazo,
A-Guimard,C/ARG-chT 1936 (36)}) (8. Qh5 Qf6 9. Nf3 Qxg7 10. h4 (10. O-O-O Bxc3
11. bxc3 c5 (11... Nd7 12. g4 $2 Nf6 13. Qh3 Ne4 $17 {Jovanovic,S-Certic,B/
Belgrade op 1991 (28)}) 12. h4 g4 13. Ne5 Nc6 14. Bb5 Bd7 15. Bxc6 bxc6 $132 {
Torhola,S-Tuominen,R/Taraus op 1989 (42)}) (10. a3 Ba5 11. Bd3 $2 c5 12. O-O
cxd4 13. Nb5 Nc6 14. Bh7 Rh8 $17 {Knab,R-Doering,T/Nuernberg op 1990 (24)})
10... gxh4 11. Rxh4 Nc6 12. Bb5 Bd7 13. Bxc6 Bxc6 14. Ne5 O-O-O 15. Rg4 Rh8 $1
$13 {Link,P-Klemm,G/Bargteheide op 1989 (32)}) 8... Qf6 (8... Rxg7 9. Ne5 Nd7
10. Qh5 a6 11. Qh8+ Bf8 12. O-O-O Qf6 13. Bd3 c5 $15 {Wass,L-Martinidesz,D/
Ringsted op 1992 (21)}) 9. h4 (9. Ne5 Nd7 10. Nxd7 Bxd7 11. Qd2 Rxg7 12. a3 Bd6
13. Qe3 O-O-O 14. g3 Rh7 15. O-O-O Rdh8 $15 {Beletic,D-Furlan,M/Portoroz op
1995 (28)}) 9... gxh4 10. Qd2 Nc6 11. a3 Bxc3 $11 ({It was possible to keep
the bishop} 11... Be7 $5 12. Nb5 Bd8 13. Rxh4 a6 14. Nc3 Qxg7 15. Rh1 Bf6 16.
O-O-O Bd7 17. Ne2 O-O-O 18. Nf4 $13) 12. Qxc3 Bd7 13. Rxh4 Qxg7 14. g3 O-O-O (
14... a6 15. Bg2 O-O-O 16. O-O-O Rh8 17. Rdh1 Rxh4 18. Rxh4 Rh8 $11) 15. Bb5
Rh8 $6 {After this move black finds himsef in slightly inferior position s
deserved attention} (15... Ne7 16. Bd3 Rh8 17. O-O-O Rxh4 18. Nxh4 Qf6 $11 {
with equal chanses.}) 16. O-O-O a6 17. Bxc6 $1 Bxc6 18. Qe3 Bd7 (18... Rxh4 19.
gxh4 Rh8 20. Rg1 Qf6 (20... Qh6 $6 21. Rg8+ Kd7 22. Ne5+ Ke7 23. Rxh8 Qxh8 24.
Qf4 $14) 21. Rg4 Be8 22. Kd2 $14) 19. Rdh1 f6 20. Ne1 {[%cal Ge1d3,Gd3f4]
White knight is definitly stronger than black bishop and that's the main
reason why white's chanses are preferable.} (20. Rxh8 $5 Rxh8 21. Rxh8+ Qxh8
22. Qf4 Be8 23. Kd2 Kd7 24. g4 $14) 20... Rxh4 21. Rxh4 Rh8 22. Nd3 b6 (22...
Rxh4 23. gxh4 Kd8 24. Qf4 b6 25. Kd2 $14) 23. Nf4 Re8 24. Qd3 Bb5 25. Qg6 (25.
Qh7) 25... Qxg6 26. Nxg6 e5 $6 {Putting himself in the danger of losing the
game.} 27. dxe5 (27. Rh7 exd4 28. Ne7+ Kb7 29. Nxd5 Re1+ 30. Kd2 Re2+ 31. Kd1
Rxf2 32. Rxc7+ Kb8 33. Re7 d3 $11) 27... fxe5 28. Rh5 e4 29. Rxd5 (29. Re5 $6
d4 $1 30. Rxe8+ Bxe8 31. Ne5 c5 32. Kd2 Kc7 $132) 29... e3 30. fxe3 Rxe3 31.
Rg5 Re1+ 32. Kd2 Re2+ 33. Kd1 Rh2 34. Nf4 $2 {Knight would be much better
placed on e5,which would offer white serious winning chanses.} (34. Ne5 $1 Kb7
35. b3 $16) 34... Kd7 35. Re5 Bc6 36. Re3 Kd6 37. Kc1 Bd7 38. Rd3+ (38. Re2
Rh1+ 39. Kd2 Rg1 40. Rg2 Rf1 41. Ke2 Rb1 42. b3 Bg4+ $14) 38... Kc6 39. Rd2
Rh1+ 40. Rd1 Rh2 41. Rg1 {[%cal Gg3g4]} Bg4 42. Rg2 Rh1+ 43. Kd2 Kd6 44. Kc3
Rf1 $1 45. Nd3 Rf3 46. Kd4 Bf5 47. b4 (47. g4 c5+ 48. Kc3 Be4 (48... Bg6 $2 49.
Rf2 $16 {[%cal Gf2f6]}) 49. Rf2 Rg3 50. Rf4 Bd5 51. Kd2 Be6 $132) 47... Bh3 48.
Rg1 Bf5 49. a4 ({Black easily holds the position after} 49. g4 c5+ $5 50. bxc5+
bxc5+ 51. Nxc5 Bxc2 52. Rc1 Rf4+ 53. Ke3 Rxg4 54. Rxc2 Rg3+ $11) 49... c5+ $1 {
Forcing the draw.} 50. bxc5+ bxc5+ 51. Nxc5 Bxc2 52. a5 (52. Rc1 Bf5 53. Rg1 a5
54. Nb7+ Kc7 55. Nxa5 Ra3 56. Rc1+ Kd7 $11) 52... Rf5 53. Nxa6 Rxa5 $11 54. Nb4
Bg6 55. Rc1 Rg5 56. Rc6+ Kd7 57. Ra6 Rg4+ 58. Kc5 Rg5+ 1/2-1/2

[Event "Monarch Assurance 08th"]
[Site "Port Erin"]
[Date "1999.11.06"]
[Round "1"]
[White "Sutovsky, Emil"]
[Black "Daly, Colm"]
[Result "1/2-1/2"]
[WhiteElo "2587"]
[BlackElo "2378"]
[Annotator "Finkel,A"]
[PlyCount "84"]
[EventDate "1999.11.06"]
[EventType "swiss"]
[EventRounds "9"]
[EventCountry "IOM"]
[SourceTitle "CBM 074"]
[Source "ChessBase"]
[SourceDate "2000.02.01"]
[SourceVersion "1"]
[SourceVersionDate "2000.02.01"]
[SourceQuality "1"]

1. e4 e6 2. d4 d5 3. Nc3 Nf6 4. Bg5 Bb4 5. e5 h6 6. Bd2 Bxc3 7. bxc3 Ne4 8. Qg4
g6 9. Bd3 Nxd2 10. Kxd2 c5 11. Nf3 Nc6 12. Rhb1 c4 13. Be2 b6 (13... Qe7 14. a4
Na5 (14... Kd8 15. h4 Kc7 16. h5 g5 17. Qg3 Bd7 18. Nh2 Rag8 19. Ng4 $16 {
Polgar,S-Baginskaite,K/Erevan olw 1996}) 15. h4 Bd7 16. Qf4 O-O-O 17. Nh2 g5
18. hxg5 hxg5 19. Qg3 f5 20. exf6 Qxf6 21. Ng4 $16 {Hennigan,R-Richards,H/
GBR-chT 9798}) (13... Rb8 14. a4 a6 15. Qf4 b5 16. axb5 axb5 17. h4 Qe7 18. h5
g5 19. Qf6 $14 {Hector,J-Glek,I/Geneve op 1994}) 14. h4 Bd7 (14... Qe7 15. Nh2
h5 16. Qg3 Bd7 17. f4 O-O-O 18. Qg5 Kc7 $11 {Djerkovic,M-Hathaway,J/North Bay
op 1996}) 15. Nh2 (15. a4 Qe7 16. Qg3 O-O-O 17. Nh2 Na5 18. Ng4 Bc6 19. Nf6 Qf8
20. h5 $14 {Di Fonzo,V-Sauvin,J/Geneve op 1994}) 15... Qe7 16. h5 $6 (16. Qg3
$5) 16... O-O-O (16... g5 17. Qf3 $1 {[%csl Rf6][%cal Gh2g4]} (17. Qg3 $6 f5
18. exf6 Qxf6 19. Ng4 Qf5 20. Rf1 O-O-O $132) 17... O-O-O 18. Ng4 Be8 19. Qe3
Nb8 20. f4 Nd7 21. Rf1 $5 $14) 17. hxg6 f6 $1 {Temporarily sacrificing a pawn,
but getting in return significient counterchanses.} (17... fxg6 $5) 18. Nf3
fxe5 19. Nxe5 ({Worse is} 19. dxe5 $6 Qg7 20. Qg3 Rdg8 21. Rh1 Be8 $1 $36 {
[%cal Ge8g6,Gg7f8,Gf8a3] and black siezes the initiative.}) 19... Nxe5 20. dxe5
{Inaccuracy permitting white to get slightly better chanses with very
energetic play.} h5 $6 (20... Rdg8 $5 21. a4 $1 (21. Qg3 $2 Be8 22. Bh5 Qg7 23.
Rh1 Bxg6 24. Bxg6 Qxg6 25. Qxg6 Rxg6 $15) 21... Be8 (21... Qc5 22. a5 b5 23.
Qd4 Qc7 24. Bh5 a6 $1 25. Rh1 $14) 22. a5 Rxg6 23. Qd4 b5 24. g3 Rg5 $1 $132)
21. Qd4 Rdg8 22. a4 $1 Bc6 {[%csl Ra7] Defending by this the pawn on a7.} (
22... Qg5+ $2 23. f4 Qxg2 24. a5 b5 25. Qxa7 $18 {[%cal Ga5a6]}) 23. a5 b5 24.
Rh1 h4 (24... Rxg6 $2 25. g3 {[%csl Rh5]} Rg5 26. Rh3 Qg7 27. Qc5 $1 Qc7 28. f4
Rg6 29. Bxh5 $16) 25. Rh3 Rxg6 26. g3 Rgh6 27. Rah1 b4 $1 $132 {The only,but
sufficient way to create counterplay.} 28. cxb4 ({Black manages to hold the
position also after} 28. Rxh4 bxc3+ 29. Ke3 Qg5+ 30. Kf3 (30. Qf4 $4 Rxh4 $1
31. Rxh4 Rxh4 $1 32. Qxg5 d4#) 30... Rxh4 31. Rxh4 Rxh4 32. gxh4 Qh5+ (32...
Qf5+ $5 33. Kg3 Qxc2 34. Qc5 $1 Qxe2 (34... Kc7 35. Qxa7+ Kc8 36. Qc5) 35.
Qxc6+ Kd8 36. Qd6+ Ke8 37. Qxe6+ Kf8 $11 {[%cal Gc3c1]}) 33. Ke3 Qh6+ 34. Kf3 (
34. f4 $2 Qxh4 35. Qxc3 Qg3+ 36. Kd4 Qxf4+ 37. Kc5 Kc7 $19 {[%csl Rc5]}) 34...
Qh5+ $11) 28... Qxb4+ 29. c3 (29. Qc3 Qxc3+ (29... Qc5 $36) 30. Kxc3 d4+ {
[%cal Gc6h1]} 31. Kxd4 Bxh1 32. Rxh1 hxg3 33. Rxh6 Rxh6 34. fxg3 Rg6 $15) 29...
Qxa5 30. Rxh4 Rxh4 31. Rxh4 $6 {After this move the draw is inevitable.It was
nessasary to play} (31. gxh4 $1 $14 {keeping the first rank under control.})
31... Rxh4 32. gxh4 Qa2+ 33. Ke3 Qa3 $1 $11 {[%cal Ga3c1,Ga3f8]} 34. Kf4 (34.
h5 Qc1+ 35. Qd2 (35. Kf3 $2 Qg5 {[%csl Rh5]}) 35... Qh1 36. Qd4 (36. f4 $4 Qg1+
37. Kf3 d4#) 36... Qc1+ 37. Qd2 Qh1 $11) 34... a5 35. h5 a4 36. h6 Qf8+ 37. Kg5
a3 38. Qb6 Qf5+ 39. Kh4 Qf4+ 40. Bg4 Qh2+ (40... Qxh6+ 41. Kg3 Bd7 42. Qc5+ Kd8
43. Qxa3 $14) 41. Bh3 Qf4+ 42. Bg4 Qh2+ 1/2-1/2